[Event "Titled Tuesday intern op 02nd Apr Late"]
[Site "Chess.com INT"]
[Date "2024.04.02"]
[Round "10"]
[White "Brahami, Lamine"]
[Black "Golubenko, Valentina"]
[Result "0-1"]
[WhiteElo "2188"]
[BlackElo "2209"]
[PlyCount "74"]
[EventDate "2024.04.02"]
[EventType "swiss (blitz)"]
[EventRounds "11"]
[EventCountry "USA"]
[SourceTitle "CB15_2024"]
[SourceDate "2024.04.10"]
[SourceVersion "1"]
[SourceVersionDate "2024.04.10"]
[SourceQuality "1"]

1. d4 d5 2. Nf3 Nf6 3. Bf4 g6 4. e3 Bg7 5. Be2 0-0 6. 0-0 c6 7. h3 b5 8. Nbd2 Bf5 9. a4 b4 10. a5 Nbd7 11. Nb3 Ne4 12. Qe1 c5 13. dxc5 Bxb2 14. Ra2 Bc3 15. Qd1 Ndxc5 16. Nbd4 Bxd4 17. Nxd4 Nc3 18. Qa1 Bd7 19. Rb2 N5a4 20. Rxb4 f6 21. Bb5 e5 22. Bh6 exd4 23. Bxa4 Rf7 24. Bxd7 Qxd7 25. Rxd4 Ne2+ 26. Kh1 Nxd4 27. Qxd4 Re8 28. Rd1 Rd8 29. c4 dxc4 30. Qxd7 Rfxd7 31. Rd4 Rxd4 32. exd4 Rxd4 33. Be3 Rd1+ 34. Kh2 c3 35. Bxa7 c2 36. Be3 c1Q 37. Bxc1 Rxc1 0-1

[Event "Titled Tuesday intern op 02nd Apr Late"]
[Site "Chess.com INT"]
[Date "2024.04.02"]
[Round "6"]
[White "Diaz Garcia, Lianet"]
[Black "Golubenko, Valentina"]
[Result "0-1"]
[WhiteElo "1992"]
[BlackElo "2209"]
[PlyCount "54"]
[EventDate "2024.04.02"]
[EventType "swiss (blitz)"]
[EventRounds "11"]
[EventCountry "USA"]
[SourceTitle "CB15_2024"]
[SourceDate "2024.04.10"]
[SourceVersion "1"]
[SourceVersionDate "2024.04.10"]
[SourceQuality "1"]

1. e4 e6 2. d3 d5 3. Nd2 Nf6 4. Ngf3 c5 5. g3 Nc6 6. Bg2 Be7 7. 0-0 0-0 8. Qe2 d4 9. e5 Nd5 10. a4 Ncb4 11. Nc4 Bd7 12. h4 b5 13. axb5 Bxb5 14. Bg5 h6 15. Bxe7 Qxe7 16. Nd6 a6 17. Rfc1 f6 18. c4 dxc3 19. bxc3 Nxd3 20. c4 Nxc1 21. Rxc1 fxe5 22. Qxe5 Bc6 23. cxd5 Bxd5 24. Rxc5 Bxf3 25. Bh3 Rab8 26. Bxe6+ Kh8 27. Nf7+ Qxf7 0-1

[Event "Titled Tuesday intern op 02nd Apr Late"]
[Site "Chess.com INT"]
[Date "2024.04.02"]
[Round "2"]
[White "Golubenko, Valentina"]
[Black "Willy, Stephen"]
[Result "0-1"]
[WhiteElo "2209"]
[BlackElo "2046"]
[PlyCount "96"]
[EventDate "2024.04.02"]
[EventType "swiss (blitz)"]
[EventRounds "11"]
[EventCountry "USA"]
[SourceTitle "CB15_2024"]
[SourceDate "2024.04.10"]
[SourceVersion "1"]
[SourceVersionDate "2024.04.10"]
[SourceQuality "1"]

1. Nf3 d5 2. g3 c5 3. d4 Nf6 4. c3 Bf5 5. Bf4 e6 6. Bg2 Nc6 7. 0-0 Qb6 8. b3 Be7 9. dxc5 Bxc5 10. b4 Be7 11. a4 a5 12. b5 Nb8 13. Nbd2 0-0 14. Nb3 Nbd7 15. Rc1 Rfc8 16. Be3 Qd8 17. Nfd4 Bg6 18. Qd2 Nb6 19. Bg5 Nxa4 20. c4 Rxc4 21. Ra1 h6 22. Be3 Nd7 23. Rfc1 Nab6 24. Qb2 a4 25. Nd2 Rb4 26. Qa2 e5 27. Nc6 bxc6 28. bxc6 Nf6 29. c7 Qc8 30. Bxb6 Rxb6 31. Bxd5 Nxd5 32. Qxd5 Ra7 33. Qc4 Rbb7 34. Rxa4 Rxc7 35. Rxa7 Rxc4 36. Rxc4 Qd8 37. Nf3 Bf6 38. Kg2 Bf5 39. Rac7 Be6 40. R4c5 Kh7 41. Ra7 Qb6 42. Rcc7 e4 43. Nd2 Qb5 44. Nxe4 Bd5 45. f3 Qxe2+ 46. Kh3 Be6+ 47. g4 Qxf3+ 48. Ng3 Bxg4# 0-1

[Event "Titled Tuesday intern op 02nd Apr Late"]
[Site "Chess.com INT"]
[Date "2024.04.02"]
[Round "3"]
[White "Kavyev, Ruslan"]
[Black "Golubenko, Valentina"]
[Result "1-0"]
[WhiteElo "2286"]
[BlackElo "2209"]
[PlyCount "57"]
[EventDate "2024.04.02"]
[EventType "swiss (blitz)"]
[EventRounds "11"]
[EventCountry "USA"]
[SourceTitle "CB15_2024"]
[SourceDate "2024.04.10"]
[SourceVersion "1"]
[SourceVersionDate "2024.04.10"]
[SourceQuality "1"]

1. d4 Nf6 2. c4 g6 3. Nc3 d5 4. cxd5 Nxd5 5. e4 Nxc3 6. bxc3 Bg7 7. Nf3 c5 8. Bb5+ Bd7 9. Rb1 0-0 10. 0-0 a6 11. Bd3 b5 12. Be3 Bg4 13. e5 Nc6 14. Be2 e6 15. a4 cxd4 16. cxd4 b4 17. h3 Bf5 18. Bd3 Bxd3 19. Qxd3 Bxe5 20. Qe4 Bxd4 21. Nxd4 Nxd4 22. Bxd4 Qd5 23. Qxd5 exd5 24. Rxb4 Rfe8 25. Be3 Re6 26. Rd1 Rd8 27. Rb6 Rxb6 28. Bxb6 f5 29. Bxd8 1-0

[Event "Titled Tuesday intern op 02nd Apr Early"]
[Site "Chess.com INT"]
[Date "2024.04.02"]
[Round "11"]
[White "Shubhi, Gupta"]
[Black "Golubenko, Valentina"]
[Result "0-1"]
[WhiteElo "1953"]
[BlackElo "2209"]
[PlyCount "58"]
[EventDate "2024.04.02"]
[EventType "swiss (blitz)"]
[EventRounds "11"]
[EventCountry "USA"]
[SourceTitle "CB15_2024"]
[SourceDate "2024.04.10"]
[SourceVersion "1"]
[SourceVersionDate "2024.04.10"]
[SourceQuality "1"]

1. d4 Nf6 2. Nf3 d5 3. Bg5 Ne4 4. Bh4 c5 5. e3 g6 6. Nbd2 Bg7 7. c3 0-0 8. Bd3 f5 9. Qe2 Nc6 10. dxc5 Nxc5 11. Bc2 b6 12. Nb3 Ba6 13. Qd2 Ne4 14. Bxe4 fxe4 15. Nfd4 Ne5 16. Ne6 Qd6 17. Nxg7 Nd3+ 18. Kd1 Kxg7 19. Bg3 e5 20. a4 Bc4 21. Nc1 Rae8 22. b3 Nxc1 23. Rxc1 Bxb3+ 24. Ke2 Bc4+ 25. Ke1 Qc6 26. Ra1 Rf7 27. a5 bxa5 28. Rxa5 Rb7 29. Ra1 Reb8 0-1

[Event "Titled Tuesday intern op 12th Mar Late"]
[Site "Chess.com INT"]
[Date "2024.03.12"]
[Round "11"]
[White "Golubenko, Valentina"]
[Black "Reinecke, Katharina"]
[Result "1/2-1/2"]
[WhiteElo "2209"]
[BlackElo "1962"]
[PlyCount "161"]
[EventDate "2024.03.12"]
[EventType "swiss (blitz)"]
[EventRounds "11"]
[EventCountry "USA"]
[SourceTitle "CB12_2024"]
[SourceDate "2023.10.01"]
[SourceVersion "1"]
[SourceVersionDate "2023.10.01"]
[SourceQuality "1"]

1. d4 d5 2. Nf3 Nf6 3. g3 e6 4. Bg2 c5 5. c3 Nc6 6. 0-0 Be7 7. dxc5 Bxc5 8. b4 Be7 9. Nbd2 0-0 10. Rb1 Bd7 11. Bb2 a6 12. a3 b5 13. Nb3 Rc8 14. Bc1 Ne4 15. Bd2 Bf6 16. Rc1 e5 17. h4 Be6 18. Nc5 Nxc5 19. bxc5 Na5 20. Bg5 Rxc5 21. Nxe5 Bxg5 22. hxg5 Qxg5 23. Nd3 Rc7 24. Nf4 Rd8 25. Qd4 Nc4 26. Rfd1 Nb2 27. Qb6 Rcd7 28. Nxe6 fxe6 29. Qxe6+ Kh8 30. Re1 Re7 31. Qb6 Rxe2 32. Rxe2 Qxc1+ 33. Bf1 Rg8 34. Qe6 Nc4 35. Qxd5 Qxc3 36. Bg2 Qc1+ 37. Kh2 Qh6+ 38. Bh3 Qf6 39. Qe6 Qxe6 40. Rxe6 Nxa3 41. Rxa6 Nc4 42. Be6 Rd8 43. Ra7 h6 44. Rb7 Nd6 45. Rb6 Ne4 46. Rxb5 Nxf2 47. Kg2 Ne4 48. Bf5 Nc3 49. Rb7 Rd2+ 50. Kh3 Rd8 51. Rd7 Rxd7 52. Bxd7 Nd5 53. Bf5 Nf6 54. Bd3 Kg8 55. Kg2 Kf7 56. Kf3 Kg8 57. Bc4+ Kf8 58. Bd3 Ke7 59. Bc4 Kf8 60. Bd3 Ke7 61. g4 Kd6 62. Bf5 Nxg4 63. Bxg4 Ke7 64. Kg3 Kf6 65. Bf3 g5 66. Kg4 Kg6 67. Be4+ Kg7 68. Kh5 Kf6 69. Bf3 Ke5 70. Bg4 Kf4 71. Be2 Kg3 72. Bg4 Kf4 73. Be2 Ke5 74. Kg4 Kf6 75. Bd3 Kg7 76. Kh5 Kf6 77. Be2 Ke5 78. Kxh6 Kf4 79. Kh5 Ke5 80. Bg4 Kd4 81. Kxg5 1/2-1/2

[Event "Titled Tuesday intern op 12th Mar Late"]
[Site "Chess.com INT"]
[Date "2024.03.12"]
[Round "8"]
[White "Golubenko, Valentina"]
[Black "Shevchuk, Olexandr"]
[Result "0-1"]
[WhiteElo "2209"]
[BlackElo "2093"]
[PlyCount "116"]
[EventDate "2024.03.12"]
[EventType "swiss (blitz)"]
[EventRounds "11"]
[EventCountry "USA"]
[SourceTitle "CB12_2024"]
[SourceDate "2023.10.01"]
[SourceVersion "1"]
[SourceVersionDate "2023.10.01"]
[SourceQuality "1"]

1. d4 d5 2. g3 Nf6 3. Bg2 Bf5 4. c4 e6 5. Nc3 c6 6. Nf3 Be7 7. 0-0 0-0 8. Nd2 Nbd7 9. f3 Bg6 10. Kh1 Nb6 11. c5 Nbd7 12. e3 b6 13. b4 a5 14. bxa5 bxc5 15. dxc5 Bxc5 16. Nb3 Bb4 17. Bb2 Bxa5 18. Rc1 Bxc3 19. Bxc3 Rxa2 20. Bxf6 Nxf6 21. Rxc6 Qa8 22. Rc7 Qa3 23. g4 Qb2 24. Rg1 Bc2 25. Rxc2 Qxc2 26. Qxc2 Rxc2 27. Nd4 Rc3 28. g5 Nd7 29. Re1 Nc5 30. h4 Nd3 31. Re2 g6 32. f4 Nc1 33. Re1 Nb3 34. Nf3 Rc1 35. Rxc1 Nxc1 36. Ne5 Rc8 37. Kh2 Rc2 38. Kg3 Ne2+ 39. Kf3 Ng1+ 40. Kg3 Ne2+ 41. Kf3 Nc1 42. Bh3 Kg7 43. Bg4 Rc3 44. h5 d4 45. h6+ Kg8 46. Ke4 dxe3 47. Nd7 e2 48. Nf6+ Kh8 49. Bxe2 Nxe2 50. Ke5 Rc4 51. Kd6 Rxf4 52. Ke7 Rf5 53. Kxf7 Rxg5 54. Kxe6 Rf5 55. Kf7 Rxf6+ 56. Kxf6 Ng3 57. Kg5 Nf5 58. Kg4 Nxh6+ 0-1

[Event "Titled Tuesday intern op 12th Mar Late"]
[Site "Chess.com INT"]
[Date "2024.03.12"]
[Round "10"]
[White "Thake, Conrad"]
[Black "Golubenko, Valentina"]
[Result "1-0"]
[WhiteElo "1847"]
[BlackElo "2209"]
[PlyCount "91"]
[EventDate "2024.03.12"]
[EventType "swiss (blitz)"]
[EventRounds "11"]
[EventCountry "USA"]
[SourceTitle "CB12_2024"]
[SourceDate "2023.10.01"]
[SourceVersion "1"]
[SourceVersionDate "2023.10.01"]
[SourceQuality "1"]

1. e4 e6 2. d3 d5 3. Nd2 c5 4. g3 Nf6 5. Bg2 Be7 6. Ngf3 Nc6 7. 0-0 0-0 8. Re1 d4 9. Nf1 e5 10. h4 h6 11. N1h2 Ng4 12. Nxg4 Bxg4 13. Qd2 f5 14. exf5 Rxf5 15. Nh2 h5 16. f3 Bxh4 17. fxg4 Bg5 18. Qe2 Rf8 19. gxh5 Bxc1 20. Raxc1 Qg5 21. Qg4 Qd2 22. Nf3 Qh6 23. Qg5 Qxg5 24. Nxg5 Rf5 25. Ne4 b6 26. Nd6 Rf6 27. Bxc6 Rd8 28. Bd5+ Kh7 29. Be4+ Kg8 30. Nf5 Rdf8 31. g4 g6 32. hxg6 b5 33. g7 Re8 34. Rf1 c4 35. dxc4 bxc4 36. Bd5+ Kh7 37. g8Q+ Rxg8 38. Bxg8+ Kxg8 39. Ne7+ Kg7 40. Rxf6 Kxf6 41. Nc6 Ke6 42. Kf2 Kd5 43. Nxa7 e4 44. g5 d3 45. cxd3 cxd3 46. Ke3 1-0

[Event "Titled Tuesday intern op 27th Feb Late"]
[Site "Chess.com INT"]
[Date "2024.02.27"]
[Round "11"]
[White "Novak, Ratko"]
[Black "Golubenko, Valentina"]
[Result "1-0"]
[WhiteElo "2037"]
[BlackElo "2209"]
[PlyCount "49"]
[EventDate "2024.02.27"]
[EventType "swiss (blitz)"]
[EventRounds "11"]
[EventCountry "USA"]
[SourceTitle "CB10_2024"]
[SourceDate "2024.03.06"]
[SourceVersion "1"]
[SourceVersionDate "2024.03.06"]
[SourceQuality "1"]

1. d4 Nf6 2. c4 g6 3. Nc3 c5 4. d5 Bg7 5. e4 d6 6. Bg5 0-0 7. Qd2 a6 8. a4 Ng4 9. Nf3 f5 10. h3 Ne5 11. Nxe5 Bxe5 12. Bd3 f4 13. Ne2 f3 14. gxf3 Rxf3 15. Nc3 Nd7 16. h4 Bxc3 17. bxc3 Ne5 18. Be2 Bg4 19. 0-0-0 Rxc3+ 20. Qxc3 Bxe2 21. Rdg1 Bxc4 22. h5 b5 23. hxg6 hxg6 24. Qh3 Nd3+ 25. Kb1 1-0

[Event "Titled Tuesday intern op 13th Feb Late"]
[Site "Chess.com INT"]
[Date "2024.02.13"]
[Round "2"]
[White "Donchenko, Anatoly G"]
[Black "Golubenko, Valentina"]
[Result "1-0"]
[WhiteElo "2233"]
[BlackElo "2209"]
[PlyCount "57"]
[EventDate "2024.02.13"]
[EventType "swiss (blitz)"]
[EventRounds "11"]
[EventCountry "USA"]
[SourceTitle "CB08_2024"]
[SourceDate "2024.02.21"]
[SourceVersion "1"]
[SourceVersionDate "2024.02.21"]
[SourceQuality "1"]

1. Nf3 Nf6 2. c4 d5 3. cxd5 Nxd5 4. d4 g6 5. e4 Nb6 6. Nc3 Bg7 7. h3 Nc6 8. Be3 0-0 9. Be2 e5 10. d5 Ne7 11. 0-0 h6 12. Rc1 a6 13. Na4 Nxa4 14. Qxa4 f5 15. Rfd1 fxe4 16. Qxe4 Bf5 17. Qc4 Kh8 18. Qxc7 Nxd5 19. Qxb7 Be4 20. Bc4 Nxe3 21. Qxe4 Nxd1 22. Nh4 Rf6 23. Bd5 Rb8 24. Rxd1 Qf8 25. Nxg6+ Rxg6 26. Qxg6 Rxb2 27. Be4 Qxf2+ 28. Kh1 Kg8 29. Rd8+ 1-0

[Event "Titled Tuesday intern op 13th Feb Early"]
[Site "Chess.com INT"]
[Date "2024.02.13"]
[Round "3"]
[White "Golubenko, Valentina"]
[Black "Kozin, Yuri"]
[Result "0-1"]
[WhiteElo "2209"]
[BlackElo "2251"]
[PlyCount "58"]
[EventDate "2024.02.13"]
[EventType "swiss (blitz)"]
[EventRounds "11"]
[EventCountry "USA"]
[SourceTitle "CB08_2024"]
[SourceDate "2024.02.21"]
[SourceVersion "1"]
[SourceVersionDate "2024.02.21"]
[SourceQuality "1"]

1. d4 Nf6 2. g3 d5 3. Bg2 Bf5 4. c4 c6 5. Nc3 e6 6. Nf3 h6 7. 0-0 Be7 8. b3 Ne4 9. Bb2 0-0 10. Nd2 Nxc3 11. Bxc3 Nd7 12. f3 Bg6 13. e4 c5 14. f4 cxd4 15. Bxd4 dxe4 16. Nxe4 Qc7 17. Qe2 Rad8 18. Qb2 Bxe4 19. Bxg7 Bxg2 20. Bxf8 Bxf8 21. Qxg2 Bg7 22. Rad1 Nf6 23. Rxd8+ Qxd8 24. Qxb7 Qd4+ 25. Kh1 Ne4 26. Qc6 Qd3 27. Rg1 Qf3+ 28. Rg2 Qf1+ 29. Rg1 Nf2# 0-1

[Event "Titled Tuesday intern op 13th Feb Early"]
[Site "Chess.com INT"]
[Date "2024.02.13"]
[Round "1"]
[White "Golubenko, Valentina"]
[Black "Kuderinov, Kirill"]
[Result "0-1"]
[WhiteElo "2209"]
[BlackElo "2364"]
[PlyCount "86"]
[EventDate "2024.02.13"]
[EventType "swiss (blitz)"]
[EventRounds "11"]
[EventCountry "USA"]
[SourceTitle "CB08_2024"]
[SourceDate "2024.02.21"]
[SourceVersion "1"]
[SourceVersionDate "2024.02.21"]
[SourceQuality "1"]

1. d4 Nf6 2. g3 g6 3. Bg2 Bg7 4. c4 Kf8 5. Nc3 d6 6. h3 Kg8 7. Nf3 h6 8. 0-0 Kh7 9. e4 Re8 10. Re1 Nc6 11. a3 e5 12. Be3 Ng8 13. dxe5 Nxe5 14. Nxe5 dxe5 15. Qc2 c6 16. Rad1 Qe7 17. b4 a5 18. c5 Be6 19. Rd6 Nf6 20. Red1 axb4 21. axb4 Red8 22. b5 Ne8 23. Rxd8 Rxd8 24. bxc6 bxc6 25. Qa4 Rxd1+ 26. Nxd1 Qd7 27. Nb2 Nc7 28. Nc4 Nb5 29. Nb6 Qd8 30. Bf1 Nc3 31. Qb4 Nd1 32. Qa4 Nxe3 33. fxe3 Qd2 34. Qxc6 Qxe3+ 35. Kh2 Qf2+ 36. Bg2 h5 37. h4 Bh6 38. Qb5 Be3 39. Qf1 Qc2 40. Kh1 Bxc5 41. Na8 Bd4 42. Qe1 Qc6 43. Qe2 Qxa8 0-1

[Event "Titled Tuesday intern op 13th Feb Late"]
[Site "Chess.com INT"]
[Date "2024.02.13"]
[Round "8"]
[White "Golubenko, Valentina"]
[Black "Minina, Veronika"]
[Result "1-0"]
[WhiteElo "2209"]
[BlackElo "2057"]
[PlyCount "65"]
[EventDate "2024.02.13"]
[EventType "swiss (blitz)"]
[EventRounds "11"]
[EventCountry "USA"]
[SourceTitle "CB08_2024"]
[SourceDate "2024.02.21"]
[SourceVersion "1"]
[SourceVersionDate "2024.02.21"]
[SourceQuality "1"]

1. d4 Nf6 2. Nf3 g6 3. g3 Bg7 4. Bg2 d6 5. 0-0 0-0 6. d5 c6 7. c4 e6 8. dxc6 bxc6 9. Nc3 d5 10. cxd5 cxd5 11. Bf4 Nc6 12. Rc1 Bd7 13. a3 Na5 14. Ne5 Rc8 15. e4 dxe4 16. Nxe4 Rxc1 17. Qxc1 Bb5 18. Rd1 Qb6 19. Rd6 Qb8 20. Qd1 Nxe4 21. Bxe4 Qc8 22. b4 Nc4 23. Nxc4 Qxc4 24. Bd3 Ba4 25. Bxc4 Bxd1 26. Rxd1 Rc8 27. Ba6 Re8 28. Bc7 Bb2 29. a4 Ba3 30. Ba5 e5 31. Kg2 e4 32. Bb5 f5 33. Bxe8 1-0

[Event "Titled Tuesday intern op 13th Feb Late"]
[Site "Chess.com INT"]
[Date "2024.02.13"]
[Round "10"]
[White "Golubenko, Valentina"]
[Black "Valenzuela Martinez, Hermes"]
[Result "1-0"]
[WhiteElo "2209"]
[BlackElo "1970"]
[PlyCount "93"]
[EventDate "2024.02.13"]
[EventType "swiss (blitz)"]
[EventRounds "11"]
[EventCountry "USA"]
[SourceTitle "CB08_2024"]
[SourceDate "2024.02.21"]
[SourceVersion "1"]
[SourceVersionDate "2024.02.21"]
[SourceQuality "1"]

1. d4 d5 2. g3 f5 3. Bg2 Nf6 4. Nf3 e6 5. 0-0 Bd6 6. b3 Qe7 7. a4 Nbd7 8. Ba3 0-0 9. Bxd6 Qxd6 10. c4 c6 11. Nc3 Ne4 12. Qc2 b6 13. Nd2 Ba6 14. Ncxe4 fxe4 15. e3 e5 16. Rfd1 exd4 17. exd4 Qf6 18. Nf1 Rac8 19. Ne3 Qe6 20. Qd2 Nf6 21. Rac1 Rfd8 22. h3 Bb7 23. c5 Nd7 24. b4 bxc5 25. bxc5 Rb8 26. Qe2 Nf6 27. Rb1 g6 28. Rb2 Qd7 29. Rdb1 Qc7 30. a5 Ba8 31. a6 h5 32. g4 h4 33. g5 Nh5 34. Qg4 Nf4 35. Rxb8 Rxb8 36. Rxb8+ Qxb8 37. Qd7 Ne2+ 38. Kh1 Nxd4 39. Ng4 Qb1+ 40. Kh2 Qb8+ 41. Kg1 Qb1+ 42. Bf1 Nf3+ 43. Kg2 Ne1+ 44. Kh1 Nd3 45. Nh6+ Kh8 46. Qe8+ Kh7 47. Qg8# 1-0

[Event "Titled Tuesday intern op 13th Feb Early"]
[Site "Chess.com INT"]
[Date "2024.02.13"]
[Round "10"]
[White "Silva, Mariana Sofia Teixe"]
[Black "Golubenko, Valentina"]
[Result "1-0"]
[WhiteElo "1951"]
[BlackElo "2209"]
[PlyCount "73"]
[EventDate "2024.02.13"]
[EventType "swiss (blitz)"]
[EventRounds "11"]
[EventCountry "USA"]
[SourceTitle "CB08_2024"]
[SourceDate "2024.02.21"]
[SourceVersion "1"]
[SourceVersionDate "2024.02.21"]
[SourceQuality "1"]

1. e4 e6 2. d4 d5 3. exd5 exd5 4. Nf3 Nf6 5. Bd3 c5 6. 0-0 c4 7. Re1+ Be7 8. Bf1 0-0 9. b3 cxb3 10. axb3 Nc6 11. c4 Bg4 12. Be3 Bb4 13. Nbd2 dxc4 14. bxc4 Bxf3 15. Qxf3 Bxd2 16. Bxd2 Nxd4 17. Qd3 Qd7 18. Bb4 Rfe8 19. Red1 Red8 20. Bc3 a6 21. Qxd4 Qc7 22. Qh4 Rxd1 23. Rxd1 Ne8 24. Qg3 Qc6 25. Rd5 f6 26. Bd3 b5 27. Qh3 h6 28. Qf5 bxc4 29. Qh7+ Kf7 30. Bg6+ Ke7 31. Rd1 Nd6 32. Qxg7+ Ke6 33. Qxf6+ Kd7 34. Be5 Kc7 35. Qxd6+ Qxd6 36. Bxd6+ Kc6 37. Be4+ 1-0

[Event "Titled Tuesday intern op 13th Feb Early"]
[Site "Chess.com INT"]
[Date "2024.02.13"]
[Round "2"]
[White "Yaniuk, Volodymyr"]
[Black "Golubenko, Valentina"]
[Result "0-1"]
[WhiteElo "2223"]
[BlackElo "2209"]
[PlyCount "68"]
[EventDate "2024.02.13"]
[EventType "swiss (blitz)"]
[EventRounds "11"]
[EventCountry "USA"]
[SourceTitle "CB08_2024"]
[SourceDate "2024.02.21"]
[SourceVersion "1"]
[SourceVersionDate "2024.02.21"]
[SourceQuality "1"]

1. d4 Nf6 2. c4 d5 3. Nc3 c6 4. cxd5 cxd5 5. Nf3 g6 6. Bf4 a6 7. e3 Bg7 8. Be2 0-0 9. 0-0 Nc6 10. h3 Bf5 11. Rc1 Ne4 12. a3 Rc8 13. Nxe4 dxe4 14. Nd2 e5 15. dxe5 Nxe5 16. Bxe5 Bxe5 17. Rxc8 Qxc8 18. Qb3 Bxh3 19. Nxe4 Bf5 20. Nc3 Bb8 21. g3 Re8 22. Bf3 b5 23. Nd5 Be5 24. Bg2 Be6 25. e4 h5 26. Rd1 h4 27. gxh4 Qd8 28. f4 Bg7 29. e5 Qxh4 30. Qf3 Bg4 31. Qb3 Bxd1 32. Qxd1 g5 33. Qf3 gxf4 34. Nxf4 Rxe5 0-1

[Event "Titled Tuesday intern op 06th Feb Late"]
[Site "Chess.com INT"]
[Date "2024.02.06"]
[Round "11"]
[White "Golubenko, Valentina"]
[Black "Keller, Peter1"]
[Result "0-1"]
[WhiteElo "2209"]
[BlackElo "2328"]
[PlyCount "52"]
[EventDate "2024.02.06"]
[EventType "swiss (blitz)"]
[EventRounds "11"]
[EventCountry "USA"]
[SourceTitle "CB07_2024"]
[SourceDate "2024.02.14"]
[SourceVersion "1"]
[SourceVersionDate "2024.02.14"]
[SourceQuality "1"]

1. d4 Nf6 2. g3 d5 3. Bg2 Bf5 4. c4 e6 5. Nc3 c6 6. Nf3 h6 7. 0-0 Nbd7 8. Nd2 Be7 9. e4 dxe4 10. Ndxe4 Nxe4 11. Nxe4 Nf6 12. Nc3 0-0 13. h3 Qb6 14. b3 Rfd8 15. Be3 Qa5 16. Qc1 Ba3 17. Qe1 Bb2 18. Na4 Qxe1 19. Raxe1 Bxd4 20. Bf4 Bd3 21. Rd1 Bxf1 22. Kxf1 e5 23. Bc1 e4 24. Re1 b5 25. cxb5 cxb5 26. Nb2 Rac8 0-1

[Event "Titled Tuesday intern op 06th Feb Early"]
[Site "Chess.com INT"]
[Date "2024.02.06"]
[Round "4"]
[White "Lohani, Sujana"]
[Black "Golubenko, Valentina"]
[Result "0-1"]
[WhiteElo "1730"]
[BlackElo "2209"]
[PlyCount "66"]
[EventDate "2024.02.06"]
[EventType "swiss (blitz)"]
[EventRounds "11"]
[EventCountry "USA"]
[SourceTitle "CB07_2024"]
[SourceDate "2024.02.14"]
[SourceVersion "1"]
[SourceVersionDate "2024.02.14"]
[SourceQuality "1"]

1. d4 d5 2. Nf3 Nf6 3. c4 c6 4. e3 e6 5. Nc3 Be7 6. Qc2 0-0 7. Bd3 dxc4 8. Bxc4 b5 9. Bd3 Bb7 10. 0-0 Nbd7 11. Rd1 Rc8 12. e4 h6 13. Bf4 a6 14. Qe2 Qb6 15. d5 cxd5 16. exd5 Nxd5 17. Qe4 N7f6 18. Qe5 Ng4 19. Nxd5 Qxf2+ 20. Kh1 Nxe5 21. Nxe7+ Kh8 22. Bxe5 Bxf3 23. gxf3 Qxf3+ 24. Kg1 Qe3+ 25. Kg2 Qxe5 26. Nxc8 Qxb2+ 27. Kf3 Rxc8 28. Rab1 Qe5 29. Rbc1 Rxc1 30. Rxc1 g6 31. Rc8+ Kg7 32. Ra8 Qd5+ 33. Be4 Qxa2 0-1

[Event "Titled Tuesday intern op 06th Feb Early"]
[Site "Chess.com INT"]
[Date "2024.02.06"]
[Round "6"]
[White "Thake, Conrad"]
[Black "Golubenko, Valentina"]
[Result "1/2-1/2"]
[WhiteElo "1745"]
[BlackElo "2209"]
[PlyCount "73"]
[EventDate "2024.02.06"]
[EventType "swiss (blitz)"]
[EventRounds "11"]
[EventCountry "USA"]
[SourceTitle "CB07_2024"]
[SourceDate "2024.02.14"]
[SourceVersion "1"]
[SourceVersionDate "2024.02.14"]
[SourceQuality "1"]

1. c4 Nf6 2. Nc3 c6 3. g3 g6 4. Bg2 d5 5. cxd5 cxd5 6. d3 Bg7 7. Nf3 0-0 8. 0-0 Nc6 9. Rb1 h6 10. b4 a6 11. Bd2 Be6 12. a4 d4 13. Ne4 Nxe4 14. dxe4 Rc8 15. b5 axb5 16. axb5 Na5 17. Qa4 Nc4 18. Bb4 Qd7 19. Rfd1 Ra8 20. Qc2 Rfc8 21. Qd3 Qxb5 22. Nxd4 Qe5 23. f4 Qxd4+ 24. Qxd4 Bxd4+ 25. Rxd4 Ne3 26. Kf2 Nc2 27. Rd2 Nxb4 28. Rxb4 Rc7 29. e5 Ra7 30. Rdb2 Bc8 31. h3 h5 32. Rb6 Kg7 33. e3 Ra6 34. R6b4 Ra7 35. Rb6 Ra6 36. R6b4 Ra7 37. Rb6 1/2-1/2

[Event "Titled Tuesday intern op 23rd Jan Late"]
[Site "Chess.com INT"]
[Date "2024.01.23"]
[Round "1"]
[White "Golubenko, Valentina"]
[Black "Kalavannan, Koby"]
[Result "0-1"]
[WhiteElo "2209"]
[BlackElo "2324"]
[PlyCount "56"]
[EventDate "2024.01.23"]
[EventType "swiss (blitz)"]
[EventRounds "11"]
[EventCountry "USA"]
[SourceTitle "CB05_2024"]
[SourceDate "2024.01.31"]
[SourceVersion "1"]
[SourceVersionDate "2024.01.31"]
[SourceQuality "1"]

1. d4 Nf6 2. g3 g6 3. Bg2 Bg7 4. c4 0-0 5. Nc3 d6 6. Nf3 Nc6 7. 0-0 e5 8. d5 Nb8 9. h3 a5 10. Rb1 Na6 11. b3 Nc5 12. a3 Bf5 13. Rb2 Nfe4 14. Nxe4 Bxe4 15. b4 axb4 16. axb4 Na4 17. Rb3 b5 18. Nd2 bxc4 19. Nxc4 Bxg2 20. Kxg2 e4 21. Be3 Nc3 22. Qd2 Ra2 23. Rb2 Rxb2 24. Nxb2 Qa8 25. Rc1 Nxd5 26. Bd4 e3 27. fxe3 Nf4+ 28. Kf2 Qg2+ 0-1

[Event "Titled Tuesday intern op 23rd Jan Late"]
[Site "Chess.com INT"]
[Date "2024.01.23"]
[Round "8"]
[White "Mizzi, Jack"]
[Black "Golubenko, Valentina"]
[Result "1-0"]
[WhiteElo "2043"]
[BlackElo "2209"]
[PlyCount "117"]
[EventDate "2024.01.23"]
[EventType "swiss (blitz)"]
[EventRounds "11"]
[EventCountry "USA"]
[SourceTitle "CB05_2024"]
[SourceDate "2024.01.31"]
[SourceVersion "1"]
[SourceVersionDate "2024.01.31"]
[SourceQuality "1"]

1. d4 d5 2. c4 c6 3. Nf3 g6 4. Nbd2 Bg7 5. g3 Nf6 6. Bg2 0-0 7. 0-0 dxc4 8. Nxc4 b5 9. Nce5 Bb7 10. a4 Nbd7 11. Ng5 Nxe5 12. dxe5 Nd5 13. e6 f6 14. Nf7 Qc8 15. Nh6+ Kh8 16. axb5 Qxe6 17. bxc6 Bxc6 18. h4 Rfd8 19. Qb3 Rab8 20. Qa3 Nb4 21. Bxc6 Nxc6 22. Qa2 Qxa2 23. Rxa2 Bxh6 24. Bxh6 Nd4 25. Re1 Rb7 26. Kg2 Kg8 27. Rd1 Kf7 28. Be3 Nc6 29. Rxd8 Nxd8 30. Bxa7 Nc6 31. Be3 Ne5 32. Bd4 Nc4 33. Bc3 Rb3 34. e4 g5 35. hxg5 fxg5 36. Kf1 Kg6 37. Ke2 Kh5 38. f3 Kg6 39. Kd3 Nd6 40. Ra7 Kf7 41. Kc2 Rb5 42. Kd3 Ke6 43. f4 gxf4 44. gxf4 h5 45. f5+ Kf7 46. f6 Rb7 47. Ra5 exf6 48. Rxh5 Ke6 49. Rh6 Ne8 50. e5 Rd7+ 51. Ke4 Ra7 52. exf6 Ra4+ 53. Kd3 Kf7 54. Rh7+ Ke6 55. Re7+ Kd5 56. Rxe8 Ra1 57. f7 Rf1 58. f8Q Rd1+ 59. Kc2 1-0